Представление документа в формате MARC21

Поле Инд. ПП Название Значение
Тип записи a
Библиографический уровень m
001 Контрольный номер 92f02b49-7b94-457f-9950-1d98ae581795
005 Дата корректировки 20250113114322.0
008 Кодируемые данные 001010 d
020 a ISBN 5-7260-0299-7 (в пер.)
c Цена, тираж 6.00
040 a Служба первич. каталог. RU-RKP
040 a Служба первич. каталог. НБ ТвГУ
041 0_ a Код языка текста rus
080 a Индекс УДК 340(47+57)(091)
084 a Индекс другой классификации/Индекс ББК Х3(2)
a Индекс другой классификации/Индекс ББК Х3(2)52
090 a Полочн. индекс Х2(2)
x Авторский знак Р76
245 10 a Заглавие Российское законодательство X-XX веков
b Продолж. заглавия [Текст и коммент.] : В 9 т.
c Ответственность Под общ. ред. О. И. Чистякова; Отв. ред. тома Б. В, Виленский
n Номер части/ раздела Т. 8
p Название части/ раздела Судебная реформа
260 0_ a Место издания Москва
b Издательство Юридическая литература
c Дата издания 1991
300 a Объем 495 с.
b Иллюстрации/ тип воспроизводства ил.
c Размеры 22 см
504 a Библиография Библиогр.: с. 463-468. - Указ.: с. 469-494.
650 04 a Основная рубрика Законодательство
x Основная подрубрика История
y Хронологическая подрубрика 10-20 вв.
z Географическая подрубрика Россия
650 14 a Основная рубрика Судебные реформы
x Основная подрубрика Документы
y Хронологическая подрубрика 1864 г.
z Географическая подрубрика Россия
650 04 a Основная рубрика Русское право
x Основная подрубрика История
y Хронологическая подрубрика 19 в.
650 04 a Основная рубрика Памятники права
653 0_ a Ключевые слова Законодательство России
a Ключевые слова История российского законодательства
a Ключевые слова Памятники права
a Ключевые слова Учереждение судебных установлений
a Ключевые слова Устав уголовного судопроизводства
a Ключевые слова Судебная система России в 19 в.
a Ключевые слова Российское законодательство
a Ключевые слова Русское право
a Ключевые слова Судебные реформы
a Ключевые слова Законы
700 1_ a Другие авторы Чистяков Олег Иванович
e Роль лиц ред.
700 1_ a Другие авторы Виленский Б. В.
e Роль лиц ред.
852 41 t Порядковый номер экземпляра 2
p Инвентарный номер 624339
p Инвентарный номер 624340
920 a Оператор Прокоф
930 a Новая/Ретро законы
952 c Вид литературы К рн
954 a Дата поступления на обработку 20010926
999 a Подразделение 2 Фил1